A history of India / (Record no. 52705)
[ view plain ]
| 000 -LEADER | |
|---|---|
| fixed length control field | 03751cam a22003374a 4500 |
| 001 - CONTROL NUMBER | |
| control field | 12594495 |
| 003 - CONTROL NUMBER IDENTIFIER | |
| control field | OSt |
| 005 - DATE AND TIME OF LATEST TRANSACTION | |
| control field | 20111006084325.0 |
| 008 - FIXED-LENGTH DATA ELEMENTS--GENERAL INFORMATION | |
| fixed length control field | 011120s2002 enk b 001 0 eng |
| 010 ## - LIBRARY OF CONGRESS CONTROL NUMBER | |
| LC control number | 2001058772 |
| 020 ## - INTERNATIONAL STANDARD BOOK NUMBER | |
| International Standard Book Number | 0333691288 |
| 040 ## - CATALOGING SOURCE | |
| Original cataloging agency | DLC |
| Transcribing agency | DLC |
| Modifying agency | DLC |
| 042 ## - AUTHENTICATION CODE | |
| Authentication code | pcc |
| 043 ## - GEOGRAPHIC AREA CODE | |
| Geographic area code | a-ii--- |
| 050 00 - LIBRARY OF CONGRESS CALL NUMBER | |
| Classification number | DS 436 |
| Item number | .R63 2002 |
| 082 00 - DEWEY DECIMAL CLASSIFICATION NUMBER | |
| Classification number | 954 |
| Edition number | 21 |
| 100 1# - MAIN ENTRY--PERSONAL NAME | |
| Personal name | Robb, Peter |
| Fuller form of name | (Peter G.) |
| 9 (RLIN) | 10287 |
| 245 12 - TITLE STATEMENT | |
| Title | A history of India / |
| Statement of responsibility, etc | Peter Robb. |
| 260 ## - PUBLICATION, DISTRIBUTION, ETC. (IMPRINT) | |
| Place of publication, distribution, etc | Houndmills, Basingstoke, Hampshire ; |
| -- | New York : |
| Name of publisher, distributor, etc | Palgrave, |
| Date of publication, distribution, etc | 2002. |
| 300 ## - PHYSICAL DESCRIPTION | |
| Extent | xiii, 344 p. ; |
| Dimensions | 24 cm. |
| 440 #0 - SERIES STATEMENT/ADDED ENTRY--TITLE | |
| Title | Palgrave essential histories |
| 9 (RLIN) | 10288 |
| 504 ## - BIBLIOGRAPHY, ETC. NOTE | |
| Bibliography, etc | Includes bibliographical references and index. |
| 505 8# - FORMATTED CONTENTS NOTE | |
| Formatted contents note | Machine generated contents note: 1 Introduction: Region and Civilization 1 -- India and its history - Rule - Region and unity - -- Belief- Customs: the problem of caste - Islam and -- Indian plurality - Environment, technology and -- socio-economic change -- 2 Early India 27 -- Cultures and peoples - Land - Social order - -- Communities - Kingship - Invasions and empires - -- Culture and its transmission - Production (slaves, rice -- and bankers) - Empires, religions and regions -- 3 Mediaeval India 55 -- Regionalism - Empires: the Delhi sultans - Empires: -- Vijayanagara - Statecraft - Kings and sultans - -- Lords, officials and localities - Culture and belief- -- Production and society - Region versus empire -- 4 Early Modern India I: Mughals and Marathas 81 -- The Mughals - Mughal rule - Early modern society -- and economy - Eighteenth-century politics - -- Merchants and states - Rival economies on the eve -- of conquest - Administration, 1580-1765: some -- comparisons -- 5 Early Modern India II: Company Raj 116 -- The East India Company in Madras and Calcutta - -- The Company's rise to power - Revenue settlements -- under the Company - Transitions, 1770s to 1860s: -- trade - Law - Education - Features of Company -- rule - Some early modern Indian responses -- 6 Modem India I: Government 148 -- Modern government - Councils and departments - -- Financial problems - Benevolence and intervention - -- Policy goals: Britain and India - Political policies -- under colonialism - Decolonization -- 7 Modern India II: Politics 177 -- Modern politics - The Indian National Congress - -- Political Islam - Popular protest - Popular -- nationalism - Communal separatism - Partition - -- Community and class - The aftermath of colonialism - -- Roads to independence and to modern politics -- 8 Modern India III: Society 218 -- Categorizations - New environments: Calcutta - -- Caste and class - Low-caste movements - Islam - -- Hindu and Sikh religious movements - Women - -- The British raj and after -- 9 Modern India IV: Economy 246 -- Decline and European dominance - Values, -- de-industrialization, dualism, economic decline - -- Agriculture - Rural labour regimes - The 'landless' - -- The 'landed' - Land control - The use of credit - -- Access to the market - Purchasing power - -- Differentiation - Food and health - Colonial legacies -- 10 Epilogue: After Modernity? 296 -- Caste, community and nation - A Hindu India? - -- Transitions and prospects. |
| 651 #0 - SUBJECT ADDED ENTRY--GEOGRAPHIC NAME | |
| Geographic name | India |
| General subdivision | History. |
| 9 (RLIN) | 10289 |
| 856 42 - ELECTRONIC LOCATION AND ACCESS | |
| Materials specified | Contributor biographical information |
| Uniform Resource Identifier | <a href="http://www.loc.gov/catdir/bios/hol051/2001058772.html">http://www.loc.gov/catdir/bios/hol051/2001058772.html</a> |
| 856 42 - ELECTRONIC LOCATION AND ACCESS | |
| Materials specified | Publisher description |
| Uniform Resource Identifier | <a href="http://www.loc.gov/catdir/description/hol031/2001058772.html">http://www.loc.gov/catdir/description/hol031/2001058772.html</a> |
| 856 41 - ELECTRONIC LOCATION AND ACCESS | |
| Materials specified | Table of contents |
| Uniform Resource Identifier | <a href="http://www.loc.gov/catdir/toc/fy033/2001058772.html">http://www.loc.gov/catdir/toc/fy033/2001058772.html</a> |
| 906 ## - LOCAL DATA ELEMENT F, LDF (RLIN) | |
| a | 7 |
| b | cbc |
| c | orignew |
| d | 1 |
| e | ocip |
| f | 20 |
| g | y-gencatlg |
| 942 ## - ADDED ENTRY ELEMENTS (KOHA) | |
| Source of classification or shelving scheme | Library of Congress Classification |
| Koha item type | Books |
| Withdrawn status | Lost status | Source of classification or shelving scheme | Damaged status | Not for loan | Collection code | Home library | Current library | Shelving location | Date acquired | Cost, normal purchase price | Total Checkouts | Full call number | Barcode | Date last seen | Copy number | Price effective from | Koha item type |
|---|---|---|---|---|---|---|---|---|---|---|---|---|---|---|---|---|---|
| Library of Congress Classification | General Circulation | AIU/NEGST - Tony Wilmot Memorial Library | AIU/NEGST - Tony Wilmot Memorial Library | General Stacks | 10/06/2011 | 35.00 | DS 436 .R63 2002 | R47183K3232 | 09/02/2019 | 1 | 10/06/2011 | Books |
